مختصر قيام الليل للشيخ أبي عبد الله المروزي / (رقم التسجيلة. 26638)

تفاصيل مارك
000 -الفاتح
عناصر البيانات ثابتة الطول 01138cam a2200217 i 4500
005 - تاريخ ووقت آخر معاملة
حقل ضبط 20251119120456.0
008 - عناصر البيانات ثابتة الطول
عناصر البيانات ثابتة الطول 250721s1993 jo gr 000 0 ara d
082 14 - رقم تصنيف ديوي العشري
رقم التصنيف م/213/مقر
رقم المادة م ق ر
100 1# - مدخل رئيسي – اسم شخصي
الاسم الشخصي المقريزي، تقي الدين أبو العباس أحمد
علاقة الشخص بالعمل/ دوره المؤلف.
تواريخ خاصة بالشخص المتوفي سنة 294ه،
245 10 - بيان العنوان
العنوان مختصر قيام الليل للشيخ أبي عبد الله المروزي /
بيان المسؤولية لشيخ الاسلام تقي الدين أبو العباس أحمد المقريزي ؛ اختصره احمد بن علي المقريزي ؛ خرج احديثه و علق عليه ابراهيم محمد العلي، محمد عبدالله ابو صعليك.
264 31 - بيانات النشر، التوزيع…إلخ
مكان النشر، التوزيع...إلخ الزرقاء :
اسم الناشر، الموزع...إلخ مكتبة المنار،
تاريخ النشر، التوزيع...إلخ 1993.
300 ## - الوصف المادي
عدد الوحدات المكونة للوعاء 363 صفحة.
650 17 - مدخل إضافي بالموضوع - مصطلح موضوعي
مصطلح موضوعي أو اسم جغرافي كعنصر مدخل الإسلام.
650 17 - مدخل إضافي بالموضوع - مصطلح موضوعي
مصطلح موضوعي أو اسم جغرافي كعنصر مدخل الحديث الشريف.
650 17 - مدخل إضافي بالموضوع - مصطلح موضوعي
مصطلح موضوعي أو اسم جغرافي كعنصر مدخل الصلاه.
700 1# - مدخل إضافي - اسم شخصي
الاسم الشخصي العلي، إبراهيم محمد
علاقة الشخص بالعمل/ دوره معلق.
700 1# - مدخل إضافي - اسم شخصي
الاسم الشخصي المقريزي، احمد بن علي
علاقة الشخص بالعمل/ دوره مختصر.
700 1# - مدخل إضافي - اسم شخصي
الاسم الشخصي أبو صعليك، محمد عبد الله
علاقة الشخص بالعمل/ دوره معلق.
942 ## - بيانات إضافية (كوها)
نوع التنصيف Dewey Decimal Classification
نوع المادة (كوها) مراجع
المقتنيات
حالة السحب حالة الفقدان مصدر التصنيف حالة التلف غير قابل للإعارة المكتبة الرئيسية المكتبة الحالية موقع الرف تاريخ التزويد الرقم المتسلسل Total Checkouts رقم الإستدعاء الباركود تاريخ آخر ظهور تاريخ الفاتورة نوع المادة (كوها)
    Dewey Decimal Classification   Not For Loan المكتبة المركزية المكتبة المركزية مراجع 06/07/2004 177141   م/ 213 / م ق ر 177141 28/07/2025 06/07/2004 مراجع
Implemented & Customized by: BBB with SCIT (Smart Chains for Information Technology)

Powered by Koha